000 00583nam a2200229Ia 4500
005 20260429111951.0
008 260429s9999||||xx |||||||||||||| ||und||
020 _a9781032358413
041 _aEnglish
082 _a660.65
_bOKO
100 _aOkon, Sylwia
245 0 _aMicrobial genetics /
_cSylwia Okon
250 _a1st ed.
260 _aBoca Raton :
_bCRC Press,
_c2024.
300 _avi, 368 p.; hb
650 _a Genetic engineering
650 _a Microbiology
650 _aBiotechnology
700 _a Rai, Mahendra
700 _a Zimowska, Beata
942 _cTB
999 _c51667
_d51667